000 00378nam a2200133Ia 4500
005 20260328101500.0
008 260328s9999||||xx |||||||||||||| ||und||
100 _aRybczynski, Witold
245 0 _aOne good turn :
_b A natural History of the screwdriver and the screw /
_cWitold Rybczynski
260 _bScribner
300 _a173 p.
650 _aDISEÑO INDUSTRIAL
942 _cBK
999 _c8935
_d8935